000 00686nam a2200241 a 4500
005 20210219153335.0
008 991125n 000 0 u
035 _aUPN01000092524
100 _aPayzant, Thomas W.
222 _aEDUCATIONAL LEADERSHIP
245 _aPiloting pacesetter : Helping at-risk students meet high standards
300 _a42-45
362 _a50, No. 5, 1992
505 _aJunio 1993
653 0 _aEDUCACION EQUITATIVA
653 0 _aESTUDIANTES DE ALTO RIESGO
653 0 _aEVALUACION DEL ESTUDIANTE
653 0 _aNORMAS ACADEMICAS
653 0 _aPREPARACION ESCOLAR
700 _aWolf, Dennie Palmer
904 _aAC
_b030335
905 _aArticulo
999 _c74351
_d74351